000
00287nam a22001217a 4500
008
170713b xxu||||| |||| 00| 0 eng d
041
_a
eng
080
_a
10
100
_a
24
101
_a
FIL
245
_a
PHILOSOPHERSAND KINGS STUDIES IN LEADERSHIP
_c
RUSTOW.D.S
942
_2
udc
_c
BK
999
_c
20641
_d
20641